000 00276nam a2200121 a 4500
008 101026s2010|||| d
100 1 _aBrownová, Sandra
245 1 0 _aŠpinavá hra
260 _bIkar
_aBratislava
_c2010
020 _c11,90
041 _aslo
044 _axo
_cSK
999 _c12319
_d12319